Continuing care retirement communities (Record no. 108972)
[ view plain ]
| 000 -LEADER | |
|---|---|
| fixed length control field | 01562cam a22002415a 4500 |
| 001 - CONTROL NUMBER | |
| control field | L145935 |
| 008 - FIXED-LENGTH DATA ELEMENTS--GENERAL INFORMATION | |
| fixed length control field | 081125s2006 xxko f 000 0 eng d |
| 020 ## - INTERNATIONAL STANDARD BOOK NUMBER | |
| International Standard Book Number | 9781859354537 |
| 035 ## - SYSTEM CONTROL NUMBER | |
| System control number | (Sirsi) u145935 |
| 041 0# - LANGUAGE CODE | |
| Language code of text/sound track or separate title | eng |
| 050 04 - LIBRARY OF CONGRESS CALL NUMBER | |
| Classification number | 306.1 $2 18 |
| 100 1# - MAIN ENTRY--PERSONAL NAME | |
| Personal name | Tetlow, Robin |
| 245 00 - TITLE STATEMENT | |
| Title | Continuing care retirement communities |
| Remainder of title | a guide to planning |
| Medium | [electronic resource] |
| 260 ## - PUBLICATION, DISTRIBUTION, ETC. | |
| Place of publication, distribution, etc. | York |
| Name of publisher, distributor, etc. | Joseph Rowntree Foundation |
| Date of publication, distribution, etc. | 2006 |
| 505 2# - FORMATTED CONTENTS NOTE | |
| Formatted contents note | What are CCRCs? -- The implications of an ageing population with changing requirements -- Development issues -- Planning policy issues -- Planning application and development control issues -- Bibliography -- Appendix a: examples of CCRCs in the UK |
| 520 ## - SUMMARY, ETC. | |
| Summary, etc. | Research addresses Continuing Care Retirement Communities (CCRCs) and highlights that while they are few in number in the UK, increasing investment in their creation may prove a wise investment considering the changing demographics of the UK's ageing population. Discusses the practicalities of such schemes and how planning rules may need to offer additional flexibility to offer the support required for their creation. Looks at material planning considerations and covers the benefits, design and potential issues for CCRCs. |
| 521 ## - TARGET AUDIENCE NOTE | |
| Target audience note | Advanced |
| 590 ## - LOCAL NOTE (RLIN) | |
| Local note | KA |
| 651 #4 - SUBJECT ADDED ENTRY--GEOGRAPHIC NAME | |
| Geographic name | United Kingdom |
| Chronological subdivision | |
| 690 ## - LOCAL SUBJECT ADDED ENTRY--TOPICAL TERM (OCLC, RLIN) | |
| Topical term or geographic name as entry element | ENVIRONMENTAL AND LAND CONSULTANCY-PLANNING AND DEVELOPMENT-STRATEGIC DEVELOPMENT |
| 856 40 - ELECTRONIC LOCATION AND ACCESS | |
| Uniform Resource Identifier | <a href="https://www.jrf.org.uk/knowledge/findings/socialcare/0156.asp">https://www.jrf.org.uk/knowledge/findings/socialcare/0156.asp</a> |
| Public note | View the item free of charge online at www.jrf.org.uk... |
| 942 ## - ADDED ENTRY ELEMENTS (KOHA) | |
| Suppress in OPAC | 0 |
| Withdrawn status | Lost status | Source of classification or shelving scheme | Damaged status | Not for loan | Home library | Current library | Shelving location | Date acquired | Total Checkouts | Full call number | Barcode | Date last seen | Copy number | Price effective from | Koha item type |
|---|---|---|---|---|---|---|---|---|---|---|---|---|---|---|---|
| Dewey Decimal Classification | Virtual | Virtual | Online | 25/11/2008 | ONLINE PUBLICATION | 145935-1001 | 06/08/2019 | 1 | 06/08/2019 | Book |